Statistiques concernant Les 5 doigts de pied (orteils)

Cliquez ici pour prendre le quiz!

Statistiques générales

  • Ce quiz a été pris 6 fois
  • Le résultat moyen est 2 sur 5

Statistiques - réponses

EmplacementNoms% Correct
PremierHallux
100%
TroisièmeTertius/Centrus
50%
QuatrièmeQuatrus/Pre-exterius
25%
CinquièmeQuintus/Exterius
25%
SecondSecundus/Depasus
25%

Distribution des résultats

Percentile par nombre de réponses

% des personnes avec chaque résultat

Votre développement - résultats

Vous n’avez pas pris ce quiz